The last Victorians : a daring reassessment of four twentieth-century eccentrics : Sir William Joynson-Hicks, Dean Inge, Lord Reith & Sir Arthur Bryant /

Bibliographic Details
Main Author: Robinson, W. Sydney (Author)
Format: Book
Language:English
Published: London : The Robson Press, 2014.
Subjects:

MARC

Tag First Indicator Second Indicator Subfields
LEADER 00000cam a2200000Ii 4500
001 in00003535546
005 20151105215217.0
008 140319s2014 enkc b 001 0ceng d
010 |a  2014432807 
015 |a GBB453300  |2 bnb 
016 7 |a 016724472  |2 Uk 
020 |a 9781849547161 (hbk.) 
020 |a 1849547165 (hbk.) 
029 1 |a UNITY  |b 134508254 
029 1 |a UKBOR  |b 134508254 
029 1 |a UKDEL  |b 134508254 
029 1 |a AU@  |b 000053555739 
029 1 |a NZ1  |b 15714551 
035 |a (OCoLC)ocn880400990 
035 |a (OCoLC)880400990 
040 |a UKMGB  |b eng  |e rda  |c UKMGB  |d OCLCO  |d UAB  |d OCLCF  |d YDXCP  |d NDD  |d DLC  |d OCL  |d OCLCO  |d UtOrBLW 
043 |a e-uk--- 
049 |a TXAM 
050 4 |a DA568.A1  |b R63 2014 
082 0 4 |a 941.0820922  |2 23 
100 1 |a Robinson, W. Sydney,  |e author. 
245 1 4 |a The last Victorians :  |b a daring reassessment of four twentieth-century eccentrics : Sir William Joynson-Hicks, Dean Inge, Lord Reith & Sir Arthur Bryant /  |c W. Sydney Robinson. 
263 |a 201407 
264 1 |a London :  |b The Robson Press,  |c 2014. 
300 |a xiv, 304 pages :  |b portraits ;  |c 24 cm. 
336 |a text  |b txt  |2 rdacontent 
337 |a unmediated  |b n  |2 rdamedia 
338 |a volume  |b nc  |2 rdacarrier 
504 |a Includes bibliographical references and index. 
600 1 0 |a Brentford, William Joynson-Hicks,  |c Viscount,  |d 1865-1932. 
600 1 0 |a Inge, William Ralph,  |d 1860-1954. 
600 1 0 |a Reith, John Charles Walsham Reith,  |c Baron,  |d 1889-1971. 
600 1 0 |a Bryant, Arthur,  |d 1899-1985. 
650 0 |a Eccentrics and eccentricities  |z Great Britain  |v Biography. 
651 0 |a Great Britain  |x History  |y 20th century  |v Biography. 
600 1 7 |a Brentford, William Joynson-Hicks,  |c Viscount,  |d 1865-1932.  |2 fast  |0 (OCoLC)fst00408540 
600 1 7 |a Bryant, Arthur,  |d 1899-1985.  |2 fast  |0 (OCoLC)fst01654985 
600 1 7 |a Inge, William Ralph,  |d 1860-1954.  |2 fast  |0 (OCoLC)fst00037527 
600 1 7 |a Reith, John Charles Walsham Reith,  |c Baron,  |d 1889-1971.  |2 fast  |0 (OCoLC)fst00346987 
650 7 |a Eccentrics and eccentricities.  |2 fast  |0 (OCoLC)fst00901271 
651 7 |a Great Britain.  |2 fast  |0 (OCoLC)fst01204623 
648 7 |a 1900 - 1999  |2 fast 
655 7 |a History.  |2 fast  |0 (OCoLC)fst01411628 
655 7 |a Biography.  |2 fast  |0 (OCoLC)fst01423686 
938 |a YBP Library Services  |b YANK  |n 11712534 
947 |a A14842875933 
945 |a PromptCat  |b 234194 
946 |a stk 
994 |a 92  |b TXA 
948 |a Cataloged  |b h  |c 2015/6/25  |d c  |e AReeder 
999 |a MARS 
999 f f |s b7581001-25c1-3722-8873-b2679f6236eb  |i 80cdd853-1e73-320f-9fa0-413fc82b8896  |t 0 
952 f f |p normal  |a Texas A&M University  |b College Station  |c Sterling C. Evans Library  |d Evans: Library Stacks  |t 0  |e DA568.A1 R63 2014  |h Library of Congress classification  |i unmediated -- volume  |m A14842875933 
998 f f |a DA568.A1 R63 2014  |t 0  |l Evans: Library Stacks